| 000 | 00809nam a22002417i 4500 | ||
|---|---|---|---|
| 999 |
_c22847 _d22847 |
||
| 003 | AR-CdUCM | ||
| 008 | 240424b20052005pe ||||| |||| 00| 0 spa d | ||
| 040 |
_aMUNICIPALIDAD PROVINCIAL DEL CUSCO _cBIBLIOTECA MUNICIPAL DEL CUSCO |
||
| 082 |
_a121.8 / H22 _bH22 |
||
| 100 |
_aHaro Paz, Emiliano _949643 |
||
| 245 | _aValores y Ética / | ||
| 260 |
_aCusco : _c2005 |
||
| 300 |
_a214 páginas. : _c20.6 cm. |
||
| 500 | _zBibliografía: Página 212 | ||
| 505 | _aÉtica -- Valores -- Educación -- Moral -- Componentes conductuales | ||
| 650 |
_aLa educación de los valores éticos _949644 |
||
| 650 |
_aLa humana felicidad _949645 |
||
| 650 |
_aLa energía mental _949646 |
||
| 650 |
_aLa inteligencia emocional _949647 |
||
| 650 |
_aLa ética _949648 |
||
| 942 |
_2ddc _cLIBROS |
||
| 945 |
_apbj _d2024-04-24 |
||